000 00410nam a2200145Ia 4500
008 230917s9999||||xx |||||||||||||| ||und||
040 _e166642
_aMAIN
041 _aEnglish
082 _a891.4317109 MB896:CC
100 _aचौहान, चंचल
245 0 _aमुक्तिबोध
260 _aदिल्ली
_bपांडुलिपि
_c1976
300 _a176 पृ. p.
942 _cHN
999 _c178975
_d178975